Visualizzazione normale
Vista MARC
- Béthencourt, Jean de,
di Personal Name
Records bibliografici associati: 2
001 - CONTROL NUMBER
- control field: 10020
003 - CONTROL NUMBER IDENTIFIER
- control field: IT-RoINE
005 - DATE AND TIME OF LATEST TRANSACTION
- control field: 20140707111708.0
008 - FIXED-LENGTH DATA ELEMENTS
- fixed length control field: 140707|| aca||aabn | a|a d
040 ## - CATALOGING SOURCE
- Original cataloging agency: IT-RoINE
- Transcribing agency: IT-RoINE
100 ## - HEADING--PERSONAL NAME
- Personal name: Béthencourt, Jean de,
- Dates associated with a name: 1360-1425
670 ## - SOURCE DATA FOUND
- Source citation: Work cat.: (IT-RoINE)0: Margry, Pierre, 1818-1894 10019, La conquête et les conquérants des Iles Canaries :, 1896.